[Event "Titled Tuesday intern op 11th Mar Early"]
[Site "Chess.com INT"]
[Date "2025.03.11"]
[Round "2"]
[White "Marra, Eduardo da Costa"]
[Black "Dovzik, Juri"]
[Result "1-0"]
[WhiteElo "2223"]
[BlackElo "2201"]
[PlyCount "57"]
[EventDate "2025.03.11"]
[EventType "swiss (blitz)"]
[EventRounds "11"]
[EventCountry "USA"]
[SourceTitle "CB12_2025"]
[SourceDate "2025.03.19"]
[SourceVersion "1"]
[SourceVersionDate "2025.03.19"]
[SourceQuality "1"]

1. e4 c6 2. Nc3 g6 3. Nf3 d5 4. exd5 cxd5 5. d4 Nc6 6. h3 Bg7 7. Bf4 Nf6 8. Bd3 0-0 9. 0-0 Nb4 10. Be2 Bf5 11. Rc1 Rc8 12. a3 Nc6 13. Re1 a6 14. Bf1 h6 15. Qd2 Ne4 16. Qe3 g5 17. Bh2 Nxc3 18. bxc3 e6 19. g4 Bg6 20. h4 gxh4 21. g5 hxg5 22. Nxg5 Bh6 23. f4 Bxg5 24. fxg5 Kg7 25. Bh3 Rh8 26. Rf1 Rh5 27. Rf6 Rxg5+ 28. Qxg5 Qxf6 29. Qe3 1-0

[Event "Titled Tuesday intern op 04th Feb Early"]
[Site "Chess.com INT"]
[Date "2025.02.04"]
[Round "4"]
[White "Dovzik, Juri"]
[Black "Deveci, Huseyin Said"]
[Result "0-1"]
[WhiteElo "2196"]
[BlackElo "2225"]
[PlyCount "44"]
[EventDate "2025.02.04"]
[EventType "swiss (blitz)"]
[EventRounds "11"]
[EventCountry "USA"]
[SourceTitle "CB07_2025"]
[SourceDate "2025.02.12"]
[SourceVersion "1"]
[SourceVersionDate "2025.02.12"]
[SourceQuality "1"]

1. b3 c5 2. Bb2 Nc6 3. Nf3 e5 4. e4 d6 5. Bb5 Nf6 6. d3 g6 7. 0-0 Bg7 8. Nbd2 0-0 9. Bxc6 bxc6 10. c4 Nh5 11. Re1 Nf4 12. Nf1 f5 13. exf5 Bxf5 14. Re3 Bh6 15. Ng3 Bg4 16. Qc2 Nxg2 17. Kxg2 Bxe3 18. fxe3 Bxf3+ 19. Kg1 Qg5 20. Rf1 h5 21. Bc1 h4 22. e4 Qg4 0-1

[Event "Titled Tuesday intern op 04th Feb Early"]
[Site "Chess.com INT"]
[Date "2025.02.04"]
[Round "1"]
[White "Dovzik, Juri"]
[Black "Jeet, Jain"]
[Result "0-1"]
[WhiteElo "2196"]
[BlackElo "2298"]
[PlyCount "56"]
[EventDate "2025.02.04"]
[EventType "swiss (blitz)"]
[EventRounds "11"]
[EventCountry "USA"]
[SourceTitle "CB07_2025"]
[SourceDate "2025.02.12"]
[SourceVersion "1"]
[SourceVersionDate "2025.02.12"]
[SourceQuality "1"]

1. b3 d5 2. Bb2 Nc6 3. Nf3 f6 4. e3 e5 5. d4 e4 6. Nfd2 f5 7. g3 Nf6 8. Bg2 Be6 9. 0-0 h5 10. c4 Ne7 11. cxd5 Nexd5 12. Nc4 h4 13. Ne5 hxg3 14. hxg3 Bd6 15. Ng6 Rh6 16. Nf4 Bxf4 17. exf4 Ng4 18. Nc3 Qf6 19. Qe2 c6 20. Bxe4 fxe4 21. Nxe4 Qe7 22. f5 Bxf5 23. Nd6+ Rxd6 24. Qd2 0-0-0 25. Rfe1 Qf7 26. Re5 Nxe5 27. dxe5 Rh6 28. e6 Qh5 0-1

[Event "SVK-chT1E 2425"]
[Site "Slovakia"]
[Date "2025.02.01"]
[Round "6.2"]
[White "Dovzik, Juri"]
[Black "Hros, Roman"]
[Result "0-1"]
[WhiteElo "2198"]
[BlackElo "2230"]
[PlyCount "92"]
[EventDate "2024.11.16"]
[EventType "team-tourn"]
[EventRounds "11"]
[EventCountry "SVK"]
[SourceTitle "CB14_2025"]
[SourceDate "2024.11.01"]
[SourceVersion "1"]
[SourceVersionDate "2024.11.01"]
[SourceQuality "1"]
[WhiteTeam "Kosice Slavia UPJS"]
[BlackTeam "Liptov Chess School II"]
[WhiteTeamCountry "SVK"]
[BlackTeamCountry "SVK"]

1. c4 e5 2. e3 Be7 3. Nc3 c6 4. Nf3 d6 5. d4 Nd7 6. Bd3 Ngf6 7. 0-0 0-0 8. h3 Re8 9. Qc2 Bf8 10. b3 a6 11. a4 Rb8 12. Bb2 Qc7 13. Rac1 Qa5 14. Rfd1 exd4 15. exd4 b5 16. Nd2 bxa4 17. Nxa4 Qh5 18. Re1 Bb7 19. Nf1 g6 20. Ng3 Qh4 21. Kf1 Bg7 22. Nc3 d5 23. Rcd1 Rxe1+ 24. Rxe1 c5 25. Nxd5 Nxd5 26. cxd5 Bxd5 27. dxc5 Bxb2 28. Qxb2 Rxb3 29. Re8+ Nf8 30. Rxf8+ Kxf8 31. Qh8+ Ke7 32. Qe5+ Be6 33. Qd6+ Ke8 34. Ne4 Qd8 35. Bc2 Qxd6 36. Nxd6+ Kd7 37. Bxb3 Bxb3 38. g4 h6 39. h4 Kc6 40. Ke2 Kxc5 41. Ne8 Kd4 42. Kd2 Ke4 43. h5 Kf4 44. Kc3 Be6 45. Nc7 Bc8 46. f3 gxh5 0-1

[Event "SVK-chT1E 2425"]
[Site "Slovakia"]
[Date "2024.11.16"]
[Round "1.2"]
[White "Dovzik, Juri"]
[Black "Dziewonski, Dariusz"]
[Result "1/2-1/2"]
[WhiteElo "2198"]
[BlackElo "2211"]
[PlyCount "72"]
[EventDate "2024.11.16"]
[EventType "team-tourn"]
[EventRounds "11"]
[EventCountry "SVK"]
[SourceTitle "CB51_2024"]
[SourceDate "2024.12.18"]
[SourceVersion "1"]
[SourceVersionDate "2024.12.18"]
[SourceQuality "1"]
[WhiteTeam "Kosice Slavia UPJS"]
[BlackTeam "Zákamenne Tatran"]
[WhiteTeamCountry "SVK"]
[BlackTeamCountry "SVK"]

1. c4 e6 2. Nc3 d5 3. e3 Nf6 4. Nf3 Be7 5. d4 0-0 6. cxd5 exd5 7. Bd3 c6 8. Ne5 Nbd7 9. f4 Nxe5 10. fxe5 Ne4 11. 0-0 f5 12. Bd2 Be6 13. Ne2 g5 14. Ng3 Qe8 15. a3 a5 16. Rc1 b6 17. Nxe4 fxe4 18. Rxf8+ Bxf8 19. Be2 c5 20. Bg4 c4 21. Bxe6+ Qxe6 22. Qh5 Be7 23. Rf1 Kg7 24. Be1 h6 25. h4 Rd8 26. hxg5 hxg5 27. Qh3 Qxh3 28. gxh3 Kg6 29. Kg2 Rf8 30. Rxf8 Bxf8 31. Kg3 Kf5 32. Bd2 Be7 33. Bc3 Bd8 34. Bd2 b5 35. Be1 Bc7 36. Bc3 Bd8 1/2-1/2

[Event "Titled Tuesday intern op 13th Aug Late"]
[Site "Chess.com INT"]
[Date "2024.08.13"]
[Round "1"]
[White "Dovzik, Juri"]
[Black "Mendes Domingues, Ribeiro Matheus"]
[Result "0-1"]
[WhiteElo "2186"]
[BlackElo "2244"]
[PlyCount "84"]
[EventDate "2024.08.13"]
[EventType "swiss (blitz)"]
[EventRounds "11"]
[EventCountry "USA"]
[SourceTitle "EXT 2025"]
[Source "ChessBase"]
[SourceDate "2024.10.14"]
[SourceVersion "1"]
[SourceVersionDate "2024.10.14"]
[SourceQuality "1"]

1. c4 e6 2. Nc3 d5 3. e3 Nf6 4. Nf3 c6 5. b3 Bd6 6. d4 0-0 7. Bb2 Nbd7 8. Be2 b6 9. 0-0 Bb7 10. cxd5 exd5 11. h3 Re8 12. a3 a6 13. b4 Rc8 14. Qb3 Bb8 15. Rfd1 Nf8 16. Bf1 Qd6 17. Ne5 N6d7 18. f4 f6 19. Ne4 Qe6 20. Ng3 fxe5 21. fxe5 Nxe5 22. dxe5 Bxe5 23. Bxe5 Qxe5 24. e4 Kh8 25. Re1 d4 26. Nf5 Ng6 27. Bd3 Rf8 28. Qb2 Rcd8 29. Rad1 Nf4 30. Bf1 Rd7 31. Rxd4 c5 32. Rd2 Qxb2 33. Rxb2 cxb4 34. Rxb4 b5 35. a4 bxa4 36. Rxa4 g6 37. Ng3 Ne6 38. Bxa6 Nc5 39. Bxb7 Nxa4 40. Bc6 Rd4 41. e5 Rf7 42. e6 Re7 0-1

[Event "Titled Tuesday intern op 18th Jun Late"]
[Site "Chess.com INT"]
[Date "2024.06.18"]
[Round "2"]
[White "Dovzik, Juri"]
[Black "Meers, Hubert"]
[Result "0-1"]
[WhiteElo "2208"]
[BlackElo "2304"]
[PlyCount "50"]
[EventDate "2024.06.18"]
[EventType "swiss (blitz)"]
[EventRounds "11"]
[EventCountry "USA"]
[SourceTitle "EXT 2025"]
[Source "ChessBase"]
[SourceDate "2024.10.14"]
[SourceVersion "1"]
[SourceVersionDate "2024.10.14"]
[SourceQuality "1"]

1. c4 f5 2. Nc3 Nf6 3. d3 g6 4. e4 d6 5. exf5 Bxf5 6. Nge2 Bg7 7. Ng3 Bd7 8. d4 0-0 9. Be2 Nc6 10. 0-0 e5 11. dxe5 Nxe5 12. f4 Nf7 13. f5 gxf5 14. Nxf5 Bxf5 15. Rxf5 Qd7 16. Rf1 Rae8 17. Bf3 c6 18. Bf4 Ne5 19. Be2 d5 20. cxd5 cxd5 21. Qb3 Kh8 22. Rad1 d4 23. Bb5 Nc6 24. Qa4 Ne4 25. Nd5 Qxd5 0-1

[Event "Titled Tuesday intern op 21st May Early"]
[Site "Chess.com INT"]
[Date "2024.05.21"]
[Round "3"]
[White "Dovzik, Juri"]
[Black "Filindash, Nikita"]
[Result "0-1"]
[WhiteElo "2220"]
[BlackElo "2214"]
[PlyCount "46"]
[EventDate "2024.05.21"]
[EventType "swiss (blitz)"]
[EventRounds "11"]
[EventCountry "USA"]
[SourceTitle "CBM 220 Extra"]
[Source "ChessBase"]
[SourceDate "2024.07.31"]
[SourceVersion "1"]
[SourceVersionDate "2024.07.31"]
[SourceQuality "1"]

1. b3 d5 2. Bb2 c5 3. e3 Nc6 4. Bb5 Bd7 5. f4 Nf6 6. Nf3 a6 7. Bxc6 Bxc6 8. Ne5 Qc7 9. 0-0 e6 10. d4 Bd6 11. Nd2 0-0 12. Rc1 b5 13. a3 Ne4 14. Nxe4 dxe4 15. Nxc6 Qxc6 16. c4 Rfd8 17. cxb5 Qxb5 18. Rc4 Rab8 19. dxc5 Bxc5 20. Qg4 Bf8 21. f5 Qxb3 22. Bxg7 exf5 23. Qg3 Bxg7 0-1

[Event "Titled Tuesday intern op 21st May Early"]
[Site "Chess.com INT"]
[Date "2024.05.21"]
[Round "5"]
[White "Korol, Dimitry"]
[Black "Dovzik, Juri"]
[Result "1-0"]
[WhiteElo "2287"]
[BlackElo "2220"]
[PlyCount "83"]
[EventDate "2024.05.21"]
[EventType "swiss (blitz)"]
[EventRounds "11"]
[EventCountry "USA"]
[SourceTitle "CBM 220 Extra"]
[Source "ChessBase"]
[SourceDate "2024.07.31"]
[SourceVersion "1"]
[SourceVersionDate "2024.07.31"]
[SourceQuality "1"]

1. d4 Nf6 2. c4 e6 3. Nc3 Bb4 4. Qc2 d5 5. cxd5 exd5 6. Bg5 h6 7. Bxf6 Qxf6 8. a3 Bxc3+ 9. Qxc3 c6 10. e3 0-0 11. Ne2 Bf5 12. Ng3 Bg6 13. Be2 Nd7 14. 0-0 Rfe8 15. b4 b5 16. Rfc1 Rac8 17. a4 Nb6 18. axb5 cxb5 19. Qa3 Nc4 20. Qxa7 Qd6 21. Ra6 Qxb4 22. Qb7 Nd6 23. Qxd5 Rxc1+ 24. Bf1 Bd3 25. Rxd6 Bxf1 26. Nxf1 Qc4 27. Qxc4 bxc4 28. Rc6 Rb8 29. g3 Rbb1 30. Kg2 Rxf1 31. Kf3 Rb2 32. Rxc4 Rfxf2+ 33. Ke4 Rxh2 34. d5 Rbd2 35. Rc8+ Kh7 36. Rd8 Rh5 37. g4 Rg5 38. Kf4 Kg6 39. e4 f6 40. d6 Rb5 41. Ke3 Rd1 42. Ke2 1-0

[Event "Titled Tuesday intern op 14th May Early"]
[Site "Chess.com INT"]
[Date "2024.05.14"]
[Round "9"]
[White "Mesquita, Eduardo Barbosa"]
[Black "Dovzik, Juri"]
[Result "1-0"]
[WhiteElo "1968"]
[BlackElo "2221"]
[PlyCount "57"]
[EventDate "2024.05.14"]
[EventType "swiss (blitz)"]
[EventRounds "11"]
[EventCountry "USA"]
[SourceTitle "EXT 2025"]
[Source "ChessBase"]
[SourceDate "2024.10.14"]
[SourceVersion "1"]
[SourceVersionDate "2024.10.14"]
[SourceQuality "1"]

1. Nf3 c5 2. e3 Nf6 3. d4 e6 4. c4 d5 5. Nc3 Nc6 6. Bd3 dxc4 7. Bxc4 a6 8. a4 b6 9. 0-0 Bb7 10. Re1 Rc8 11. d5 Na5 12. Ba2 Nxd5 13. Bxd5 Bxd5 14. e4 Bb3 15. Qe2 Bc4 16. Qe3 Nb3 17. Rb1 Be7 18. Qf4 Nd4 19. Ne5 0-0 20. Nxc4 b5 21. Ne3 b4 22. Ne2 Nxe2+ 23. Rxe2 Qd3 24. Rc2 b3 25. Rc3 Qxb1 26. h4 c4 27. Kh2 Bb4 28. Ng4 Bxc3 29. bxc3 1-0

[Event "Titled Tuesday intern op 07th May Late"]
[Site "Chess.com INT"]
[Date "2024.05.07"]
[Round "5"]
[White "Gallegos, Carlos"]
[Black "Dovzik, Juri"]
[Result "1-0"]
[WhiteElo "2374"]
[BlackElo "2221"]
[PlyCount "49"]
[EventDate "2024.05.07"]
[EventType "swiss (blitz)"]
[EventRounds "11"]
[EventCountry "USA"]
[SourceTitle "EXT 2025"]
[Source "ChessBase"]
[SourceDate "2024.10.14"]
[SourceVersion "1"]
[SourceVersionDate "2024.10.14"]
[SourceQuality "1"]

1. e4 c6 2. Nf3 g6 3. d4 Na6 4. c3 Nc7 5. g3 d5 6. Nbd2 h5 7. Bg2 Bh6 8. Ne5 Nf6 9. h3 Nd7 10. 0-0 Nxe5 11. dxe5 e6 12. Qe2 b6 13. exd5 Ba6 14. c4 cxd5 15. b3 0-0 16. Ne4 Bxc1 17. Nf6+ Kg7 18. Raxc1 dxc4 19. Rfd1 cxb3 20. Qe3 Nd5 21. Bxd5 exd5 22. Rxd5 b2 23. Rxd8 bxc1Q+ 24. Qxc1 Raxd8 25. Qg5 1-0

[Event "Titled Tuesday intern op 07th May Late"]
[Site "Chess.com INT"]
[Date "2024.05.07"]
[Round "2"]
[White "Slade, Theodore"]
[Black "Dovzik, Juri"]
[Result "0-1"]
[WhiteElo "2102"]
[BlackElo "2221"]
[PlyCount "88"]
[EventDate "2024.05.07"]
[EventType "swiss (blitz)"]
[EventRounds "11"]
[EventCountry "USA"]
[SourceTitle "EXT 2025"]
[Source "ChessBase"]
[SourceDate "2024.10.14"]
[SourceVersion "1"]
[SourceVersionDate "2024.10.14"]
[SourceQuality "1"]

1. d4 Nf6 2. c4 e6 3. g3 b6 4. Bg2 d5 5. cxd5 exd5 6. Nc3 c6 7. Nf3 Be7 8. 0-0 0-0 9. Bg5 a5 10. Ne5 Bb7 11. Re1 h6 12. Bxf6 Bxf6 13. Nf3 b5 14. Rc1 Re8 15. Qc2 Na6 16. e4 b4 17. Na4 b3 18. axb3 Nb4 19. Qb1 Ba6 20. Nc5 Bb5 21. e5 Be7 22. Bf1 Bxf1 23. Rxf1 Bxc5 24. Rxc5 Qd7 25. Nh4 Qg4 26. f4 Qe2 27. f5 Qe3+ 28. Kh1 Qxd4 29. Rcc1 Rxe5 30. Nf3 Qe4 31. Qa1 Rxf5 32. Kg1 Rxf3 33. Rfe1 Re3 34. Rxe3 Qxe3+ 35. Kh1 Nd3 36. Rf1 Qe2 37. Qb1 Re8 38. Kg1 Re6 39. Rd1 Qe3+ 40. Kh1 Nf2+ 41. Kg2 Nxd1 42. Qxd1 Qe2+ 43. Qxe2 Rxe2+ 44. Kf3 Rxb2 0-1